| 000 | 00614nam a22001935i 4500 | ||
|---|---|---|---|
| 001 | 54609 | ||
| 003 | ES-MaACL | ||
| 005 | 20251121172542.0 | ||
| 007 | t| | ||
| 008 | 960724s1895 sp ||||1| spa d | ||
| 040 |
_aCAM _bspa _cCAM |
||
| 100 | 1 |
_aFuente, Adolfo de la. _952825 |
|
| 245 | 1 | 0 |
_aPoesía selecta / _cde Adolfo de la Fuente; con un prólogo de Amós de Escalante. |
| 260 |
_aMadrid : _b[s.n.], _c1895 ( _fEst. tip. de la viuda e hijos de M. Tello) |
||
| 300 |
_a279, [6] p. ; _c20 cm. |
||
| 700 | 1 |
_aEscalante, Amós de, _d1831-1902 _947461 |
|
| 852 |
_aES-MaACL _jD-1945 |
||
| 999 |
_c54609 _d54609 |
||